000 01351nam2a2200253 4500
001 rc\2984104
005 20260315062740.0
035 _a(NLR Aleph) 007128810
090 _a13612100
_c13612100
100 _a20071128d1933 u y0rusy50 ca
101 0 _arus
102 _aRU
105 _aa z |||||
200 1 _a6 год обуч.
_fМ. Овсянникова и Б. Левитан
210 _d1933
215 _aОбл., 160 с.
_cил.
461 0 _1001rc\2984101
_12001#$aОбществоведение$eУчебник для начальной и сред. школы. Ч. 1-$fМ. Овсянникова, Б. Левитан, С. Ушаков, А. Александров$gДопущен Коллегией НКП РСФСР$vЧ. 4
_1700#1$aОвсянникова$bМ.Д.$gМария Дмитриевна
_96938106
_aОвсянникова, М.Д.
_cМосква
_d1933
_fМ. Овсянникова, Б. Левитан, С. Ушаков, А. Александров
_nГос. учеб.-пед. изд-во
_oУчебник для начальной и сред. школы. Ч. 1-
_tОбществоведение
_vЧ. 4
700 1 _aОвсянникова
_bМ.Д.
_gМария Дмитриевна
701 1 _aЛевитан
_bБ.
801 0 _aRU
_bNLR
_gpsbo
801 1 _aRU
_bELAR
_2rusmarc
852 _aNLR
_j33-18/287
942 _cUNSPEC
980 _aNB